Academic algebra

Saved in:
Bibliographic Details
Main Authors: Wentworth, George, 1868-, Smith, David Eugene, 1860-1944 (Author)
Format: Book
Language:English
Published: Boston : Ginn and Company, c1941, [c1913].
Series:Wentworth-Smith Mathematical Series
Subjects:
Tags: Add Tag
No Tags, Be the first to tag this record!

MARC

LEADER 00000cam a2200000 a 4500
001 1/116251
008 180328t1941 us | ||| |||| ||eng||
040 |a GR-MyUa  |b gre  |c GR-MyUa  |e AACR2 
041 0 |a eng 
082 7 |a 512  |2 (23) 
100 1 |a Wentworth, George,  |d 1868- 
245 1 0 |a Academic algebra /   |c George Wentworth and David Eugene Smith.  
260 |a Boston :   |b Ginn and Company,   |c c1941, [c1913].  
300 |a vi, 458 σ. :   |b σχέδια ;   |c 19 εκ.  
490 1 |a (Wentworth-Smith Mathematical Series)  
504 |a Περιέχει ευρετήριο.  
650 0 |a Algebra. 
700 1 |a Smith, David Eugene,   |d 1860-1944,  |e aut 
830 0 |a Wentworth-Smith Mathematical Series 
852 |a INST  |b SAMOS  |e 20180328  |h 512 WEN  |p 005300045360  |q 005300045360  |t BK  |y 0 
970 |a Φιλιππή  |b Φάλη  |z 28-03-2018